000 00538nam a2200193Ii 4500
003 JO-AjNU
008 230605s9999||||xx |||||||||||||| ||und||
040 _aJO-AjNU
_bara
_erda
_cJO-AjNU
041 _aara
050 1 4 _aBF38
100 3 _aمخيمر،صلاح,
_eauthor
_917091
245 0 0 _aفي علم النفس العام
264 3 1 _aد.م :د.ن ،د،ت
300 _a417ص
336 _atext
_btxt
_2rdacontent
337 _aunmediated
_bn
_2rdamedia
338 _avolume
_bnc
_2rdacarrier
650 4 _aعلم النفس
_917092
999 _aA5206
_c8774
_d8774